Mejora tu productividad /

Bibliographic Details
Other Authors: Merino, Begoña (Translator)
Format: Electronic eBook
Language:Spanish
English
Published: Barcelona : Reverté Management, [2020]
Series:Guías HBR. Guías indispensables del management.
Subjects:
Online Access:Digitalia Hispánica

MARC

LEADER 00000nam a2200000Ii 4500
001 DIGREVMGM0036
003 NyNyDIG
006 m o d
007 cr |||||||||||
008 230113s2020 sp ob 001 0 spa d
035 |a (OCoLC)1333962645 
040 |a DGITA  |b eng  |e rda  |e pn  |c DGITA 
020 |a 9788429194883  |q pdf 
020 |a 9788429194869  |q ePub 
020 |z 9788494562990  |q papel 
041 1 |a spa  |h eng 
050 1 4 |a HD56 ebook 
130 0 |a HBR guide to being more productive.  |l Spanish  |s (Merino) 
245 1 0 |a Mejora tu productividad /  |c traducción, Begoña Merino Gómez. 
264 1 |a Barcelona :  |b Reverté Management,  |c [2020] 
300 |a 1 online resource. 
336 |a text  |b txt  |2 rdacontent 
337 |a computer  |b c  |2 rdamedia 
338 |a online resource  |b cr  |2 rdacarrier 
347 |a text file  |2 rdaft 
347 |b PDF 
347 |b EPUB 
490 1 |a Guías HBR. Guías indispensables del management 
500 |a "Harvard Business Review Press, Boston, Massachusetts"--Cover. 
500 |a "Céntrate en lo importante, deja de procrastinar, consigue tus objetivos"--Cover. 
504 |a Includes bibliographical references and index. 
588 0 |a Online resource; title from PDF title page (Digitalia, viewed January 13, 2023) 
650 0 |a Industrial productivity. 
650 0 |a Psychology, Industrial. 
650 0 |a Work  |x Psychological aspects. 
700 1 |a Merino, Begoña,  |e translator.  
700 1 |i Translation of:  |t HBR guide to being more productive. 
791 2 |a Digitalia (Firm),  |e distributor. 
793 0 |g Digitalia eBook Collection:  |a Reverté Management 
776 0 8 |i Print version:  |a HBR guide to being more productive. Spanish (Merino).  |t Mejora tu productividad.  |d Barcelona : Reverté Management, [2020]  |z 9788494562990 
830 0 |a Guías HBR.  |p Guías indispensables del management. 
856 4 0 |3 Digitalia Hispánica  |u https://www.digitaliapublishing.com/a/67811/ 
910 |a Premium collection: 2023